000 00955cam a2200325Ia 4500
001 98146
005 20230411085649.0
008 050526s2004 ag 000 0 spa d
035 _a(OCoLC)ocm60495493
040 _aUNAMX
_bspa
_cUNAMX
020 _a9506024928
020 _a9789506024925
035 _a(OCoLC)60495493
041 1 _aspa
_hita
050 1 4 _aZ658.E9
_bIN43l 2004
049 _aGRAL
100 1 _aInfelise, Mario,
_d1952-
245 1 0 _aLibros prohibidos :
_buna historia de la censura /
_cMario Infelise ; traduccion de Heber Cardoso.
260 _aBuenos Aires :
_bNueva Vision,
_cc2004.
300 _a124 p.
490 1 _aClaves
500 _aTraduccion de: Libri proibiti : da Gutenberg all'Encyclopedie.
650 4 _aCensura
_zEuropa
_xHistoria.
650 4 _aLibros prohibidos
_zEuropa
_xHistoria.
700 1 _aCardoso, Heber,
_etr.
830 0 _aClaves.
942 _2lcc
_cbk
994 _aC0
_bDRFGD
946 _anc
999 _c105534
_d105534